The legal protection of databases
Saved in:
| Main Author: | |
|---|---|
| Format: | Book |
| Language: | Undetermined |
| Published: |
Cambridge, N.Y.
Cambridge University Press
2003
|
| Subjects: | |
| Tags: |
Add Tag
No Tags, Be the first to tag this record!
|
| Institutions: | Trung tâm Học liệu Trường Đại học Cần Thơ |
|---|
| LEADER | 00545nam a2200193Ia 4500 | ||
|---|---|---|---|
| 001 | CTU_104348 | ||
| 008 | 210402s9999 xx 000 0 und d | ||
| 082 | |a 343.0999 | ||
| 082 | |b D253 | ||
| 100 | |a Davison, Mark J. | ||
| 245 | 4 | |a The legal protection of databases | |
| 245 | 0 | |c Mark J. Davison | |
| 260 | |a Cambridge, N.Y. | ||
| 260 | |b Cambridge University Press | ||
| 260 | |c 2003 | ||
| 650 | |a Database management,Databases | ||
| 650 | |x Law and legislation | ||
| 904 | |i Minh | ||
| 980 | |a Trung tâm Học liệu Trường Đại học Cần Thơ | ||